Quiz sur le Colorado - Statistiques

Statistiques générales
  • Ce quiz a été pris 3 fois
  • Le résultat moyen est 6 sur 18
Statistiques - réponses
Question Réponse % Correct
Capitale et plus grande ville de l'État. Denver
100%
Quel est le gentilé des habitants de l'état ? Coloradien / Coloradienne
67%
Deuxième ville la plus peuplée du pays. Colorado Springs
67%
Quel massif montagneux recouvre une bonne partie du Colorado ? Les Rocheuses
67%
Donner le nom d'un état frontalier du Colorado Utah/ Nebraska / Wyoming / Kansas / Oklahoma / Nouveau Mexique
67%
Et il a été le combientième État à rejoindre l'Union ? 38ème
33%
Ecole où s'est déroulé une fusillade en 1999. Columbine
33%
D'où vient le mot Colorado ? De la {couleur rouge} en espagnol
33%
Franchise de NBA qui se situe dans la capitale. Denver Nuggets
33%
Joueur serbe, triple M.V.P surnommé le Joker. Nikola Jokić
33%
Quel est le nom de la série animée qui raconte la vie de quatre garçons créée par Trey Parker et Matt Stone ? South Park
33%
Année d'adhésion dans l'Union. 1876
0%
Cette tragédie a notamment inspiré un film de Gus Van Sant ? Elephant
0%
Comment s'appelle l'hôtel où Jack Torrance et sa famille vont passer l'hiver ? Hôtel Overlook
0%
Quel est le nom du Quaterback qui a passé toute sa carrière chez les Broncos et qui a remporte 2 Super Bowl ? John Elway
0%
Et quel est le plus haut sommet de l'État ? Mont Elbert
0%
Dinosaure avec des plaques osseuses il a été déclaré "dinosaure de l'État du Colorado". Stégosaure
0%
Donnez le surnom de l'État ? The {Centennial} State
0%
Aucun quiz correspondant
Distribution des résultats
% des personnes avec chaque résultat
Percentile par nombre de réponses
Votre historique - résultats
Vous n’avez pas pris ce quiz